[Event "G5-1"]
[Site "Svendborg"]
[Date "2016.03.19"]
[Round "1"]
[White "Overgaard, Jorgen"]
[Black "Oehlerich, Per"]
[Result "0-1"]
[WhiteElo "1774"]
[BlackElo "1949"]
[PlyCount "160"]
[EventDate "2016.03.19"]
[EventType "swiss"]
[EventRounds "5"]
[EventCountry "DEN"]

1. e4 e6 2. d4 d5 3. e5 c5 4. c3 Nc6 5. Nf3 cxd4 6. cxd4 Bb4+ 7. Bd2 Bxd2+ 8.
Nbxd2 Bd7 9. Bd3 Qb6 10. Nb3 Qb4+ 11. Qd2 b6 12. O-O Qxd2 13. Nfxd2 Nge7 14. f4
O-O 15. Rac1 Nb4 16. Bb1 Bb5 17. Rf3 g6 18. Rfc3 Rac8 19. Rxc8 Nxc8 20. a3 Na6
21. Na1 Ne7 22. Kf2 Kg7 23. Nf3 h6 24. Rc3 f6 25. Ke3 fxe5 26. fxe5 g5 27. h3
Nf5+ 28. Bxf5 Rxf5 29. Nb3 Rf7 30. Nbd2 Nc7 31. b3 Be8 32. a4 b5 33. axb5 Nxb5
34. Rc8 Bd7 35. Rd8 Re7 36. Rb8 Be8 37. Rc8 Kf7 38. b4 Rb7 39. Nb3 Na3 40. Nc5
Nc4+ 41. Kf2 Re7 42. Rb8 Na3 43. Nb7 Kg7 44. Nd6 Ba4 45. b5 Nc4 46. Ne8+ Kf7
47. Nf6 Nb6 48. Rh8 Kg6 49. Rxh6+ Kxh6 50. Ng8+ Kg7 51. Nxe7 Bxb5 52. Nxg5 Bd7
53. Ke2 a5 54. Kd2 a4 55. Kc2 Nc4 56. Kb1 Nd2+ 57. Ka2 Nb3 58. Nf3 Kf7 59. Nxd5
exd5 60. Ka3 Ke6 61. h4 Kf5 62. h5 Na5 63. h6 Nc4+ 64. Ka2 Kg6 65. h7 Kxh7 66.
e6 Be8 67. g4 Kg6 68. Ka1 Kf6 69. g5+ Kxe6 70. Nh4 Nd6 71. Nf3 Kf5 72. Ka2 Ke4
73. Nh4 Nf5 74. Ng2 Nxd4 75. Ka3 Nc2+ 76. Kb2 Ne3 77. Nh4 d4 78. g6 d3 79. g7
Bf7 80. Kc3 a3 0-1

[Event "G5-1"]
[Site "Svendborg"]
[Date "2016.03.19"]
[Round "1"]
[White "Lauritsen, Henning"]
[Black "Ottesen, Soren Rud"]
[Result "1-0"]
[WhiteElo "1932"]
[BlackElo "1725"]
[PlyCount "64"]
[EventDate "2016.03.19"]
[EventType "swiss"]
[EventRounds "5"]
[EventCountry "DEN"]

1. d4 Nf6 2. Nf3 e6 3. Bg5 Be7 4. e3 h6 5. Bh4 Ne4 6. Bg3 Nxg3 7. hxg3 c5 8. c3
d5 9. Bd3 Nd7 10. Nbd2 b6 11. Qe2 c4 12. Bc2 Bb7 13. e4 O-O 14. e5 Re8 15. g4
Bg5 16. Nxg5 Qxg5 17. Rh5 Qd8 18. g5 g6 19. Rxh6 Qxg5 20. Rh2 Kg7 21. Nf3 Qe7
22. O-O-O Rh8 23. Rdh1 Rxh2 24. Rxh2 Rh8 25. Rxh8 Kxh8 26. Qe3 Kg7 27. Qf4 Nf8
28. g4 f6 29. exf6+ Qxf6 30. Qc7+ Qf7 31. Qg3 Qg8 32. Qe5+ Kf7 1-0

[Event "G5-1"]
[Site "Svendborg"]
[Date "2016.03.19"]
[Round "1"]
[White "Kristensen, Niels Aage"]
[Black "Damsbo, Villy"]
[Result "0-1"]
[WhiteElo "1604"]
[BlackElo "1875"]
[PlyCount "46"]
[EventDate "2016.03.19"]
[EventType "swiss"]
[EventRounds "5"]
[EventCountry "DEN"]

1. d4 e6 2. c4 Nf6 3. Nc3 d5 4. Nf3 c6 5. e3 Bd6 6. Bd3 O-O 7. O-O Nbd7 8. c5
Bc7 9. Qc2 e5 10. Bf5 e4 11. Nd2 Re8 12. f3 exf3 13. Nxf3 Nf8 14. Nh4 Ng6 15.
Nxg6 hxg6 16. Bd3 Ng4 17. Bxg6 Bxh2+ 18. Kh1 Qh4 19. Bxf7+ Kh8 20. g3 Bxg3+ 21.
Kg1 Bh2+ 22. Kg2 Rxe3 23. Rf3 Rxf3 0-1

[Event "G5-1"]
[Site "Svendborg"]
[Date "2016.03.19"]
[Round "1"]
[White "Brandt, Klaus "]
[Black "Henriksen, Ole"]
[Result "1-0"]
[WhiteElo "1836"]
[BlackElo "1603"]
[PlyCount "39"]
[EventDate "2016.03.19"]
[EventType "swiss"]
[EventRounds "5"]
[EventCountry "DEN"]

1. d4 d5 2. c4 Nf6 3. cxd5 Qxd5 4. Nc3 Qd8 5. Nf3 e6 6. Bg5 Nbd7 7. e4 Be7 8.
Bc4 c6 9. O-O O-O 10. e5 Nd5 11. Bxe7 Qxe7 12. Ne4 N7b6 13. Bd3 Nf4 14. g3 Nxd3
15. Qxd3 Rd8 16. Rac1 Bd7 17. Nfg5 h6 18. Nf6+ Qxf6 19. Qh7+ Kf8 20. exf6 1-0

[Event "G5-1"]
[Site "Svendborg"]
[Date "2016.03.19"]
[Round "1"]
[White "Knudsen, Tage"]
[Black "Borg, Flemming"]
[Result "0-1"]
[WhiteElo "1422"]
[BlackElo "1793"]
[PlyCount "58"]
[EventDate "2016.03.19"]
[EventType "swiss"]
[EventRounds "5"]
[EventCountry "DEN"]

1. d4 f5 2. e3 Nf6 3. Nc3 g6 4. Nf3 Bg7 5. Bc4 e6 6. b3 O-O 7. Bb2 b6 8. d5 Ne4
9. dxe6 dxe6 10. Qxd8 Rxd8 11. Nd4 Nxc3 12. Bxc3 Kf7 13. O-O c5 14. Ne2 Bxc3
15. Nxc3 Nc6 16. a3 Ne5 17. Be2 Bb7 18. Rfd1 a6 19. Rxd8 Rxd8 20. Rd1 Rxd1+ 21.
Bxd1 b5 22. Be2 b4 23. Nb1 a5 24. a4 Be4 25. Bd1 c4 26. Nd2 Bd5 27. Be2 c3 28.
Nf3 Nxf3+ 29. Bxf3 Bxb3 0-1

[Event "G5-1"]
[Site "Svendborg"]
[Date "2016.03.20"]
[Round "2"]
[White "Oehlerich, Per"]
[Black "Brandt, Klaus "]
[Result "1/2-1/2"]
[WhiteElo "1949"]
[BlackElo "1836"]
[PlyCount "101"]
[EventDate "2016.03.19"]
[EventType "swiss"]
[EventRounds "5"]
[EventCountry "DEN"]

1. e4 e6 2. b3 Nf6 3. e5 Nd5 4. Nf3 Be7 5. c4 Nf4 6. Nc3 O-O 7. d4 Ng6 8. Bd3
d6 9. exd6 cxd6 10. O-O Nd7 11. Ba3 Nf6 12. Re1 Bd7 13. Rc1 Bc6 14. Bxg6 hxg6
15. d5 exd5 16. cxd5 Bd7 17. Bb2 Rc8 18. h3 a6 19. b4 Re8 20. a3 Bf8 21. Qd2
Rxe1+ 22. Rxe1 Qb6 23. Ng5 Rc4 24. Nge4 Nxe4 25. Rxe4 Rxe4 26. Nxe4 Qd8 27. Qf4
Qe7 28. Bc3 Bf5 29. f3 Bxe4 30. fxe4 Qc7 31. Qe3 Qc4 32. Qd4 Qxd4+ 33. Bxd4 f6
34. Kf2 Kf7 35. Ke3 Ke7 36. g4 g5 37. Kd3 Kd7 38. Kc4 b5+ 39. Kb3 Kc7 40. Bf2
Be7 41. Kc3 Bf8 42. Kd3 Be7 43. Ke3 Kd7 44. Kf3 Bd8 45. Bd4 Be7 46. Kg3 g6 47.
Kf3 Bd8 48. Bf2 Be7 49. h4 gxh4 50. Bxh4 g5 51. Bf2 1/2-1/2

[Event "G5-1"]
[Site "Svendborg"]
[Date "2016.03.20"]
[Round "2"]
[White "Damsbo, Villy"]
[Black "Lauritsen, Henning"]
[Result "0-1"]
[WhiteElo "1875"]
[BlackElo "1932"]
[PlyCount "96"]
[EventDate "2016.03.19"]
[EventType "swiss"]
[EventRounds "5"]
[EventCountry "DEN"]

1. d4 Nf6 2. Nf3 c5 3. d5 d6 4. Nc3 Bg4 5. e4 Nbd7 6. Be2 a6 7. a4 g6 8. Nd2
Bxe2 9. Qxe2 Bg7 10. O-O O-O 11. Nc4 Qc7 12. Rd1 Rfb8 13. a5 b5 14. axb6 Nxb6
15. Na5 c4 16. Nc6 Re8 17. Be3 Nfd7 18. Qd2 Ne5 19. Nxe5 Bxe5 20. Bd4 Nd7 21.
f4 Bxd4+ 22. Qxd4 Reb8 23. Ra2 Rb4 24. Rda1 Qc5 25. Ne2 Rab8 26. Rxa6 Rxb2 27.
R6a2 Qxd4+ 28. Nxd4 Nf6 29. Rxb2 Rxb2 30. Re1 c3 31. Re3 Rb1+ 32. Kf2 Ng4+ 33.
Kf3 Nxe3 34. Kxe3 Rg1 35. Kf2 Rd1 36. Nf3 Rc1 37. Nd4 Kg7 38. Ke2 Kf6 39. Kd3
Rg1 40. e5+ Kg7 41. exd6 exd6 42. f5 Rxg2 43. fxg6 hxg6 44. Kxc3 Rxh2 45. Nb5
f5 46. Nxd6 Kf6 47. Nb7 Ke5 48. d6 Rh7 0-1

[Event "G5-1"]
[Site "Svendborg"]
[Date "2016.03.20"]
[Round "2"]
[White "Borg, Flemming"]
[Black "Overgaard, Jorgen"]
[Result "0-1"]
[WhiteElo "1793"]
[BlackElo "1774"]
[PlyCount "74"]
[EventDate "2016.03.19"]
[EventType "swiss"]
[EventRounds "5"]
[EventCountry "DEN"]

1. e4 e5 2. Nf3 Nc6 3. Bc4 Nf6 4. Ng5 d5 5. exd5 Na5 6. Bb5+ c6 7. dxc6 bxc6 8.
Bd3 h6 9. Ne4 Nd5 10. Nbc3 Nf4 11. Bf1 f5 12. Ng3 Bc5 13. d3 O-O 14. Be3 Bxe3
15. fxe3 Nd5 16. Nxd5 cxd5 17. b4 Nc6 18. c3 f4 19. exf4 exf4 20. Ne2 Bg4 21.
Qd2 f3 22. gxf3 Qh4+ 23. Ng3 Bxf3 24. Bg2 Rae8+ 25. Kf1 Ne5 26. Kg1 Ng4 27.
Bxf3 Rxf3 28. Rf1 Rxf1+ 29. Nxf1 Rf8 30. h3 Ne5 31. Qe3 Rf3 32. Qxa7 Qg5+ 33.
Kh2 Qf4+ 34. Kg2 Nxd3 35. Qa8+ Kh7 36. Qxd5 Ne1+ 37. Kg1 Rxf1# 0-1

[Event "G5-1"]
[Site "Svendborg"]
[Date "2016.03.20"]
[Round "2"]
[White "Ottesen, Soren Rud"]
[Black "Knudsen, Tage"]
[Result "1/2-1/2"]
[WhiteElo "1725"]
[BlackElo "1422"]
[PlyCount "190"]
[EventDate "2016.03.19"]
[EventType "swiss"]
[EventRounds "5"]
[EventCountry "DEN"]

1. e4 e5 2. Nf3 Nc6 3. Bc4 Bc5 4. b4 Bxb4 5. c3 Bc5 6. d4 exd4 7. O-O h6 8.
cxd4 Bb6 9. Qb3 Qe7 10. Ba3 d6 11. e5 Nxd4 12. Nxd4 Bxd4 13. exd6 cxd6 14. Nc3
Bxc3 15. Qxc3 Nf6 16. Rfe1 Be6 17. Qb3 O-O 18. Bxe6 fxe6 19. Rxe6 Qf7 20. Rae1
Kh8 21. Bxd6 Rfe8 22. Be7 Rac8 23. h3 Rc6 24. Rxc6 Qxb3 25. axb3 bxc6 26. Kf1
Nd5 27. Bc5 Rxe1+ 28. Kxe1 a6 29. g3 Kg8 30. h4 Nc3 31. Bd4 Nb5 32. Be5 h5 33.
Kd2 g6 34. Kd3 Kf7 35. Kc4 Ke6 36. f4 Kd7 37. Kc5 Nc7 38. Kb6 Nd5+ 39. Kxa6 Ne3
40. Bd4 Nf5 41. Bf2 Kd6 42. b4 Kc7 43. Ka7 Kd7 44. Kb6 Kd6 45. Kb7 Kd7 46. Be1
Nd4 47. Kb6 Kd6 48. Bc3 Nf5 49. Be1 Nd4 50. Bf2 Nf5 51. Ka5 Kc7 52. Ka4 Kd6 53.
Kb3 Kd5 54. Kc3 Nd6 55. Kd3 Ne4 56. Be1 c5 57. bxc5 Nxc5+ 58. Ke3 Ne6 59. Bc3
Nc5 60. Kf3 Ne4 61. Bg7 Nd6 62. g4 hxg4+ 63. Kxg4 Ke6 64. Kg5 Kf7 65. Bd4 Nf5
66. Be5 Ng3 67. Bb2 Ne4+ 68. Kh6 Ng3 69. Kg5 Ne4+ 70. Kg4 Ke6 71. Be5 Kf7 72.
Kf3 Nd2+ 73. Ke3 Nc4+ 74. Kd3 Nb6 75. Ke4 Ke6 76. Bc7 Nd7 77. Bd8 Nc5+ 78. Kd4
Nd7 79. Bg5 Kf5 80. Kd5 Nf6+ 81. Bxf6 Kxf6 82. Ke4 Ke6 83. Kf3 Kf5 84. Kg3 Ke6
85. Kf2 Kf6 86. Ke3 Kg7 87. Ke4 Kh6 88. Ke5 Kh5 89. Kf6 Kh6 90. Kf7 Kh7 91. Ke6
Kh6 92. Kf7 Kh7 93. Kf6 Kh6 94. Ke6 Kh5 95. Kf7 Kh6 1/2-1/2

[Event "G5-1"]
[Site "Svendborg"]
[Date "2016.03.20"]
[Round "2"]
[White "Henriksen, Ole"]
[Black "Kristensen, Niels Aage"]
[Result "1-0"]
[WhiteElo "1603"]
[BlackElo "1604"]
[PlyCount "113"]
[EventDate "2016.03.19"]
[EventType "swiss"]
[EventRounds "5"]
[EventCountry "DEN"]

1. d4 d5 2. c4 c6 3. Nc3 Nf6 4. Nf3 Bg4 5. e3 Nbd7 6. Be2 e6 7. O-O Bb4 8. a3
Be7 9. b3 Rc8 10. Bb2 O-O 11. Rc1 Ne4 12. cxd5 Nxc3 13. Rxc3 exd5 14. Nd2 Bxe2
15. Qxe2 Nf6 16. Qf3 Re8 17. Re1 Ne4 18. Nxe4 dxe4 19. Qg4 Bf6 20. Qe2 a6 21.
Rec1 Qd5 22. Qc4 Qf5 23. R3c2 h6 24. Qe2 Qe6 25. Qc4 Qd7 26. Qe2 Qe6 27. Rc3
Red8 28. Qc4 Rd5 29. Qe2 Rg5 30. g3 Be7 31. Kh1 h5 32. Rg1 Bd6 33. f4 exf3 34.
Qxf3 Rf5 35. Qg2 Re8 36. Bc1 Qf6 37. Rc2 Qd8 38. e4 Ra5 39. b4 Rb5 40. e5 Bxe5
41. dxe5 Rbxe5 42. Bf4 Re1 43. Qf3 Rxg1+ 44. Kxg1 Qd4+ 45. Kg2 Re1 46. Rf2 g6
47. Be3 Qg7 48. Rd2 Qf8 49. Kf2 Rc1 50. Qf6 Kh7 51. Rd8 Rc2+ 52. Kf3 Qg7 53.
Qxg7+ Kxg7 54. h4 Rc3 55. Kf4 Rc4+ 56. Bd4+ Kh6 57. Rh8# 1-0

[Event "G5-1"]
[Site "Svendborg"]
[Date "2016.03.21"]
[Round "3"]
[White "Lauritsen, Henning"]
[Black "Oehlerich, Per"]
[Result "0-1"]
[WhiteElo "1932"]
[BlackElo "1949"]
[PlyCount "72"]
[EventDate "2016.03.19"]
[EventType "swiss"]
[EventRounds "5"]
[EventCountry "DEN"]

1. d4 Nf6 2. Nf3 e6 3. Bg5 Be7 4. e3 d6 5. Be2 h6 6. Bh4 Nc6 7. Bg3 Nh5 8. e4
Nxg3 9. hxg3 Bf6 10. c3 e5 11. Na3 a6 12. Nc4 exd4 13. cxd4 d5 14. exd5 Qxd5
15. O-O Nxd4 16. Nxd4 Qxd4 17. Qc2 O-O 18. Rad1 Qc5 19. Bf3 Be6 20. b3 Rab8 21.
Qe4 Bxc4 22. bxc4 Rfe8 23. Qg4 c6 24. Rd7 Red8 25. Qf4 Rxd7 26. Qxb8+ Qf8 27.
Qf4 Qd8 28. Qf5 g6 29. Qf4 Kg7 30. c5 Rd4 31. Qc1 Qa5 32. Qc2 Rd2 33. Qe4 Rxa2
34. Qe8 Qxc5 35. Qc8 Qe7 36. Rd1 Ra1 0-1

[Event "G5-1"]
[Site "Svendborg"]
[Date "2016.03.21"]
[Round "3"]
[White "Brandt, Klaus "]
[Black "Borg, Flemming"]
[Result "1/2-1/2"]
[WhiteElo "1836"]
[BlackElo "1793"]
[PlyCount "83"]
[EventDate "2016.03.19"]
[EventType "swiss"]
[EventRounds "5"]
[EventCountry "DEN"]

1. d4 d6 2. c4 e5 3. d5 f5 4. Nc3 Nf6 5. e3 Be7 6. Nf3 O-O 7. Be2 a5 8. b3 Na6
9. O-O Nc5 10. a3 Nfd7 11. Bb2 e4 12. Nd4 Ne5 13. f4 Ned3 14. Qc2 Nxb2 15. Qxb2
Bf6 16. b4 Na6 17. Rad1 Bd7 18. Rd2 axb4 19. axb4 g5 20. g3 g4 21. Ra1 c5 22.
dxc6 bxc6 23. Nc2 Bc8 24. Rad1 Qb6 25. Qb3 Nc5 26. Qb2 Nb7 27. Bf1 Kg7 28. Nd4
Kg6 29. Be2 c5 30. Ndb5 cxb4 31. Nd5 Qc5 32. Qxb4 Rd8 33. Qxc5 dxc5 34. Nb6
Rxd2 35. Rxd2 Ra1+ 36. Kf2 Be6 37. Nd5 Bg7 38. Nbc7 Bxd5 39. Nxd5 Ra6 40. Ne7+
Kf6 41. Nd5+ Kf7 42. Nc7 1/2-1/2

[Event "G5-1"]
[Site "Svendborg"]
[Date "2016.03.21"]
[Round "3"]
[White "Overgaard, Jorgen"]
[Black "Damsbo, Villy"]
[Result "1-0"]
[WhiteElo "1774"]
[BlackElo "1875"]
[PlyCount "55"]
[EventDate "2016.03.19"]
[EventType "swiss"]
[EventRounds "5"]
[EventCountry "DEN"]

1. e4 c5 2. Nc3 e6 3. f4 d5 4. Bb5+ Nc6 5. d3 Nf6 6. e5 Nd7 7. Nf3 Be7 8. O-O
Qc7 9. f5 Ncxe5 10. fxe6 fxe6 11. Ng5 Qb6 12. Bf4 Bf6 13. Bxe5 Bxe5 14. Bxd7+
Bxd7 15. Nf7 Bd4+ 16. Kh1 O-O 17. Qh5 Bf6 18. Rxf6 Be8 19. Nh6+ gxh6 20. Rxf8+
Kxf8 21. Qxh6+ Kg8 22. Rf1 Qd6 23. Nxd5 Bg6 24. Nf6+ Kh8 25. Nh5 Rg8 26. Nf4
Bf5 27. Qf6+ Rg7 28. Nh5 1-0

[Event "G5-1"]
[Site "Svendborg"]
[Date "2016.03.21"]
[Round "3"]
[White "Knudsen, Tage"]
[Black "Henriksen, Ole"]
[Result "0-1"]
[WhiteElo "1422"]
[BlackElo "1603"]
[PlyCount "44"]
[EventDate "2016.03.19"]
[EventType "swiss"]
[EventRounds "5"]
[EventCountry "DEN"]

1. d4 d5 2. c4 c6 3. cxd5 cxd5 4. Nc3 Nf6 5. Nf3 Nc6 6. e3 e6 7. Bb5 Bd7 8. Bd2
Bd6 9. O-O O-O 10. Rc1 Rc8 11. h3 Qe7 12. a3 a6 13. Ba4 b5 14. Bc2 Rc7 15. b4
Rfc8 16. Na2 Ne4 17. Be1 f5 18. Nd2 Nxd2 19. Bxd2 Qh4 20. Qf3 Nxd4 21. exd4
Rxc2 22. Qe2 Rxa2 0-1

[Event "G5-1"]
[Site "Svendborg"]
[Date "2016.03.21"]
[Round "3"]
[White "Kristensen, Niels Aage"]
[Black "Ottesen, Soren Rud"]
[Result "1-0"]
[WhiteElo "1604"]
[BlackElo "1725"]
[PlyCount "141"]
[EventDate "2016.03.19"]
[EventType "swiss"]
[EventRounds "5"]
[EventCountry "DEN"]

1. e4 c5 2. Nf3 d6 3. Bc4 e6 4. Nc3 Nf6 5. d4 cxd4 6. Nxd4 a6 7. Bg5 Be7 8. O-O
Nc6 9. Nf3 b5 10. Bd3 Bb7 11. Ne2 O-O 12. Bd2 Rc8 13. Ng3 Ng4 14. c3 Nge5 15.
Nxe5 Nxe5 16. Bc2 Ng6 17. Be3 d5 18. Qe2 Qc7 19. exd5 Bxd5 20. Qh5 Qe5 21. Bxg6
Qxh5 22. Bxh5 g6 23. Be2 f5 24. Nh1 e5 25. Rfd1 Be6 26. f3 f4 27. Bd2 Rfd8 28.
Nf2 Rd7 29. Kf1 Rcd8 30. Ne4 Bf5 31. Be1 Rxd1 32. Rxd1 Be6 33. Rxd8+ Bxd8 34.
Nc5 Bc8 35. g3 Bb6 36. Bf2 Bh3+ 37. Ke1 fxg3 38. hxg3 Bc8 39. a4 Bxc5 40. Bxc5
bxa4 41. Bc4+ Kg7 42. Ke2 Bb7 43. Ke3 Kf6 44. Bd6 h5 45. b3 axb3 46. Bxb3 g5
47. c4 h4 48. g4 h3 49. Kf2 h2 50. Kg2 Bxf3+ 51. Kxh2 Bxg4 52. c5 e4 53. c6 a5
54. Bc7 Ke7 55. Bxa5 Kd6 56. Ba4 e3 57. Kg3 Bc8 58. Kf3 g4+ 59. Kxe3 Ke5 60.
Bc7+ Kd5 61. Kf4 Kc5 62. Be5 Kb6 63. c7 Kc5 64. Bd1 Kc6 65. Bxg4 Bb7 66. Kg5
Ba6 67. Kf6 Kd5 68. Bh2 Kc6 69. Ke7 Kb6 70. Kd8 Kc6 71. Bc8 1-0

[Event "G5-1"]
[Site "Svendborg"]
[Date "2016.03.22"]
[Round "4"]
[White "Oehlerich, Per"]
[Black "Henriksen, Ole"]
[Result "1-0"]
[WhiteElo "1949"]
[BlackElo "1603"]
[PlyCount "27"]
[EventDate "2016.03.19"]
[EventType "swiss"]
[EventRounds "5"]
[EventCountry "DEN"]

1. e4 c5 2. c3 d6 3. d4 cxd4 4. cxd4 Nf6 5. Nc3 Nc6 6. Nf3 e6 7. Bd3 g6 8. Bg5
Bg7 9. e5 h6 10. exf6 hxg5 11. fxg7 Rg8 12. Bb5 Bd7 13. d5 Nb8 14. dxe6 1-0

[Event "G5-1"]
[Site "Svendborg"]
[Date "2016.03.22"]
[Round "4"]
[White "Overgaard, Jorgen"]
[Black "Brandt, Klaus "]
[Result "1/2-1/2"]
[WhiteElo "1774"]
[BlackElo "1836"]
[PlyCount "31"]
[EventDate "2016.03.19"]
[EventType "swiss"]
[EventRounds "5"]
[EventCountry "DEN"]

1. e4 e6 2. d4 d5 3. e5 c5 4. c3 Nc6 5. Nf3 Qb6 6. Bd3 Bd7 7. O-O cxd4 8. cxd4
Nb4 9. Nc3 Nxd3 10. Qxd3 Ne7 11. a3 Nf5 12. g4 Ne7 13. b4 Ng6 14. Bd2 Be7 15.
Rfc1 O-O 16. Be3 1/2-1/2

[Event "G5-1"]
[Site "Svendborg"]
[Date "2016.03.22"]
[Round "4"]
[White "Borg, Flemming"]
[Black "Lauritsen, Henning"]
[Result "0-1"]
[WhiteElo "1793"]
[BlackElo "1932"]
[PlyCount "83"]
[EventDate "2016.03.19"]
[EventType "swiss"]
[EventRounds "5"]
[EventCountry "DEN"]

1. f4 Nf6 2. Nf3 d5 3. g3 g6 4. Bg2 Bg7 5. O-O O-O 6. d3 c6 7. c3 Nbd7 8. Qc2
Qb6+ 9. d4 Ne4 10. Nbd2 Nd6 11. g4 e5 12. fxe5 Nxe5 13. h3 f5 14. Nxe5 Bxe5 15.
g5 Bd7 16. Nb3 Ne4 17. h4 Bg3 18. Bf4 Bxh4 19. Bxe4 fxe4 20. e3 Rf5 21. Nc5 Qd8
22. Nxb7 Qe7 23. Nc5 Bxg5 24. Qh2 Bxf4 25. Rxf4 Raf8 26. Raf1 Qg5+ 27. Qg2 Bc8
28. Qxg5 Rxg5+ 29. Kh2 Rgf5 30. Kg3 g5 31. Rxf5 Rxf5 32. Rxf5 Bxf5 33. Na6 h5
34. Nb8 h4+ 35. Kf2 g4 36. Nxc6 g3+ 37. Kg2 Kg7 38. b4 Kh6 39. a4 Bg4 40. Ne5
Be2 41. b5 Kh5 42. Kh3 0-1

[Event "G5-1"]
[Site "Svendborg"]
[Date "2016.03.22"]
[Round "4"]
[White "Damsbo, Villy"]
[Black "Ottesen, Soren Rud"]
[Result "1-0"]
[WhiteElo "1875"]
[BlackElo "1725"]
[PlyCount "82"]
[EventDate "2016.03.19"]
[EventType "swiss"]
[EventRounds "5"]
[EventCountry "DEN"]

1. d4 Nf6 2. Nf3 e6 3. c4 b6 4. g3 Bb7 5. Bg2 Be7 6. O-O d5 7. cxd5 exd5 8. Nc3
O-O 9. Bf4 a6 10. Rc1 Bd6 11. Bxd6 Qxd6 12. Ne5 Nbd7 13. Nd3 Rfe8 14. e3 Ne4
15. b4 Rac8 16. a3 h6 17. Nf4 c6 18. Nxe4 dxe4 19. Qb3 Nf6 20. Ne2 Qd5 21. Qc2
c5 22. bxc5 bxc5 23. Qb2 cxd4 24. Nxd4 Rxc1 25. Rxc1 Rc8 26. Rb1 Ba8 27. Bh3
Rd8 28. Qb6 Rd6 29. Qb4 g6 30. a4 Kg7 31. Rc1 Nd7 32. Rc8 Rf6 33. Bxd7 g5 34.
Qf8+ Kg6 35. g4 Rf3 36. Bf5+ Rxf5 37. gxf5+ Kh5 38. Rxa8 Kg4 39. h3+ Kxh3 40.
Qxh6+ Kg4 41. Rh8 Qxd4 1-0

[Event "G5-1"]
[Site "Svendborg"]
[Date "2016.03.22"]
[Round "4"]
[White "Knudsen, Tage"]
[Black "Kristensen, Niels Aage"]
[Result "1-0"]
[WhiteElo "1422"]
[BlackElo "1604"]
[PlyCount "111"]
[EventDate "2016.03.19"]
[EventType "swiss"]
[EventRounds "5"]
[EventCountry "DEN"]

1. e4 e5 2. Bc4 Nf6 3. Nc3 Bc5 4. d3 O-O 5. Be3 Bxe3 6. fxe3 d6 7. h3 a6 8. a3
c6 9. Nf3 d5 10. exd5 cxd5 11. Bb3 Nc6 12. d4 exd4 13. exd4 Re8+ 14. Ne2 Qe7
15. c3 Bf5 16. Bc2 Qxe2+ 17. Qxe2 Rxe2+ 18. Kxe2 Bxc2 19. Kd2 Bb3 20. Rae1 Kf8
21. Re3 Na5 22. Kc1 Nc4 23. Re2 Nd6 24. Rhe1 Nfe4 25. Ne5 Ke7 26. Re3 Rc8 27.
Nd3 b6 28. Nf4 g6 29. g4 Ba4 30. Nxd5+ Kd8 31. Nxb6 Bc6 32. Nxc8 Kxc8 33. b3
Kd7 34. c4 f5 35. d5 Bb7 36. gxf5 gxf5 37. Rg1 Ne8 38. Kc2 Bc8 39. Rf3 Kd6 40.
Rg8 N4f6 41. Rg1 Ne4 42. Re1 Bd7 43. b4 Ba4+ 44. Kd3 Ke5 45. c5 Kxd5 46. Rxf5+
Ke6 47. Rf4 N8f6 48. Rexe4+ Nxe4 49. Rxe4+ Kd5 50. Rd4+ Ke5 51. Ke3 Bb5 52. Rd6
Bf1 53. h4 h5 54. Rh6 Kd5 55. Rxh5+ Kc6 56. Rg5 1-0

[Event "G5-1"]
[Site "Svendborg"]
[Date "2016.03.23"]
[Round "5"]
[White "Kristensen, Niels Aage"]
[Black "Oehlerich, Per"]
[Result "0-1"]
[WhiteElo "1604"]
[BlackElo "1949"]
[PlyCount "106"]
[EventDate "2016.03.19"]
[EventType "swiss"]
[EventRounds "5"]
[EventCountry "DEN"]

1. d4 e6 2. Nf3 b6 3. Bg5 Be7 4. Bxe7 Qxe7 5. c3 Nf6 6. Nbd2 Bb7 7. e3 c5 8.
Rc1 O-O 9. Bd3 d5 10. O-O cxd4 11. exd4 Ba6 12. Bxa6 Nxa6 13. Qe2 Qb7 14. Rc2
Rac8 15. Re1 Nb8 16. Ne5 Qa6 17. Qxa6 Nxa6 18. h4 Nh5 19. a3 Nc7 20. Nc6 Ra8
21. Re3 g6 22. Nf1 Rfe8 23. Nh2 Nf6 24. Ne5 Nb5 25. Rf3 Kg7 26. g4 Re7 27. g5
Nh5 28. Nhg4 Rc7 29. Nh6 f6 30. gxf6+ Nxf6 31. Rf4 Rf8 32. Nhg4 Nxg4 33. Rxg4
Rf6 34. h5 Nd6 35. f3 Nf5 36. Kf2 Nd6 37. Rc1 Nf7 38. Rcg1 Nxe5 39. dxe5 Rf5
40. hxg6 h6 41. f4 Rc4 42. Ke3 Re4+ 43. Kf3 Rexe5 44. Rh1 Re4 45. Rxh6 Kxh6 46.
g7 Rexf4+ 47. Rxf4 Rxf4+ 48. Kxf4 Kxg7 49. Ke5 Kf7 50. b3 Ke7 51. c4 dxc4 52.
bxc4 a6 53. a4 a5 0-1

[Event "G5-1"]
[Site "Svendborg"]
[Date "2016.03.23"]
[Round "5"]
[White "Lauritsen, Henning"]
[Black "Brandt, Klaus "]
[Result "1-0"]
[WhiteElo "1932"]
[BlackElo "1836"]
[PlyCount "79"]
[EventDate "2016.03.19"]
[EventType "swiss"]
[EventRounds "5"]
[EventCountry "DEN"]

1. d4 d5 2. Nf3 c6 3. g3 Bf5 4. Nbd2 Nf6 5. c4 e6 6. Qb3 b6 7. Bg2 Nbd7 8. O-O
Bd6 9. Nh4 Bg6 10. Nxg6 hxg6 11. e4 Nxe4 12. Nxe4 dxe4 13. Bxe4 Rc8 14. Re1 O-O
15. Bd2 Nf6 16. Bg2 Be7 17. Bc3 Qd7 18. Rad1 Rfd8 19. Rd2 Qc7 20. Red1 Rd7 21.
a3 Rcd8 22. Qa4 Rc8 23. d5 cxd5 24. Bxf6 Bxf6 25. cxd5 exd5 26. Bh3 Rcd8 27.
Bxd7 Rxd7 28. Rxd5 Rxd5 29. Rxd5 Qc1+ 30. Rd1 Qxb2 31. Qb4 Qc2 32. Rd2 Qc7 33.
Qd6 Qc1+ 34. Rd1 Qc2 35. Qd7 Qb3 36. Re1 g5 37. Re8+ Kh7 38. Qf5+ g6 39. Qxf6
Qb1+ 40. Kg2 1-0

[Event "G5-1"]
[Site "Svendborg"]
[Date "2016.03.23"]
[Round "5"]
[White "Henriksen, Ole"]
[Black "Overgaard, Jorgen"]
[Result "0-1"]
[WhiteElo "1603"]
[BlackElo "1774"]
[PlyCount "28"]
[EventDate "2016.03.19"]
[EventType "swiss"]
[EventRounds "5"]
[EventCountry "DEN"]

1. d4 d5 2. c4 e6 3. Nf3 c6 4. Nc3 f5 5. e3 Bd6 6. Bd3 Nf6 7. cxd5 exd5 8. Qc2
Ne4 9. Bd2 O-O 10. h4 Nd7 11. Ke2 Ndf6 12. g3 Ng4 13. Bxe4 fxe4 14. Ng1 Rxf2+
0-1

[Event "G5-1"]
[Site "Svendborg"]
[Date "2016.03.23"]
[Round "5"]
[White "Damsbo, Villy"]
[Black "Knudsen, Tage"]
[Result "1-0"]
[WhiteElo "1875"]
[BlackElo "1422"]
[PlyCount "45"]
[EventDate "2016.03.19"]
[EventType "swiss"]
[EventRounds "5"]
[EventCountry "DEN"]

1. d4 d5 2. Nf3 Nf6 3. c4 c6 4. g3 Bf5 5. Bg2 Nbd7 6. Qb3 Qc8 7. O-O dxc4 8.
Qxc4 Nb6 9. Qb3 Bh3 10. Ng5 Be6 11. Nxe6 Qxe6 12. Qxe6 fxe6 13. Nc3 Rd8 14. e3
Nbd5 15. Bd2 g6 16. Rfd1 Bg7 17. Na4 b6 18. Rac1 Kd7 19. Rc2 Ne8 20. Rdc1 Rc8
21. b4 b5 22. Nc5+ Kd6 23. e4 1-0

[Event "G5-1"]
[Site "Svendborg"]
[Date "2016.03.23"]
[Round "5"]
[White "Ottesen, Soren Rud"]
[Black "Borg, Flemming"]
[Result "1-0"]
[WhiteElo "1725"]
[BlackElo "1793"]
[PlyCount "57"]
[EventDate "2016.03.19"]
[EventType "swiss"]
[EventRounds "5"]
[EventCountry "DEN"]

1. e4 c6 2. d4 d5 3. Nc3 dxe4 4. Nxe4 Nf6 5. Nxf6+ gxf6 6. Bf4 Bf5 7. Nf3 e6 8.
Bd3 Bg6 9. Qd2 Bd6 10. Bg3 Qc7 11. Bc4 Nd7 12. Bxd6 Qxd6 13. O-O-O O-O-O 14.
Kb1 Nb6 15. Bb3 Bh5 16. Qa5 Bxf3 17. gxf3 Kb8 18. c4 Qf4 19. Qc3 Rhg8 20. Qe3
Qh4 21. Qe4 Qxf2 22. Qf4+ e5 23. dxe5 Rxd1+ 24. Rxd1 Rg2 25. exf6+ Kc8 26. Qf5+
Kc7 27. Qe5+ Kc8 28. Qe8+ Kc7 29. Qd8# 1-0